000 00854nam a22002537a 4500
001 236358
003 MOEB
005 20221223074939.0
008 120915s2002 maua g 001 0 eng
010 _a2001041266
020 _a0201702711 (pbk.)
040 _aInstitut Teknologi Brunei
084 _aTK5105.5 LIM
100 1 _aLimoncelli, Tom.
245 1 4 _aThe practice of system and network administration /
_cThomas A. Limoncelli and Christine Hogan.
_h[Book].
260 _aBoston :
_bAddison-Wesley,
_c2002.
300 _axxxvi, 774 p. :
_bill. ;
_c24 cm.
504 _aIncludes bibliographical references (p. 733-743) and index.
650 0 _aComputer networks
_xManagement.
650 0 _aComputer systems.
700 1 _aHogan, Christine.
998 _eBook
_xGift .
998 _eBook
999 _c17487
_d17487
911 _a1
_badmin admin
912 _a1
_badmin admin